|
|
|
|
| LEADER |
00000nam0a2200000 4500 |
| 001 |
302791 |
| 005 |
20231102001535.0 |
| 035 |
|
|
|a (RuTPU)RU\TPU\book\328008
|
| 090 |
|
|
|a 302791
|
| 100 |
|
|
|a 20150826d1983 km y0rusy50 ca
|
| 101 |
0 |
|
|a rus
|
| 102 |
|
|
|a RU
|
| 105 |
|
|
|a y z 001zy
|
| 200 |
1 |
|
|a Текст: семантика и структура
|f Академия наук СССР (АН СССР), Институт славяноведения и балканистики (ИСБ) ; под ред. Т. В. Цивьяна
|
| 210 |
|
|
|a Москва
|c Наука
|d 1983
|
| 215 |
|
|
|a 302 с.
|
| 320 |
|
|
|a Библиография в ссылках.
|
| 606 |
1 |
|
|a Текст
|x Лингвистика
|2 stltpush
|3 (RuTPU)RU\TPU\subj\58745
|9 76497
|
| 610 |
1 |
|
|a семантика
|
| 610 |
1 |
|
|a структура
|
| 610 |
1 |
|
|a языкознание
|
| 610 |
1 |
|
|a текстология
|
| 610 |
1 |
|
|a мифология
|
| 610 |
1 |
|
|a славянские языки
|
| 610 |
1 |
|
|a фольклор
|
| 610 |
1 |
|
|a ритуалы
|
| 610 |
1 |
|
|a заговоры
|
| 686 |
|
|
|a Ш09
|v LBC/SL-A
|2 rubbk
|
| 702 |
|
1 |
|a Цивьян
|b Т. В.
|4 340
|
| 712 |
0 |
2 |
|a Академия наук СССР (АН СССР)
|b Институт славяноведения и балканистики (ИСБ)
|c (Москва)
|2 stltpush
|3 (RuTPU)RU\TPU\col\11355
|
| 801 |
|
1 |
|a RU
|b 63413507
|c 20150826
|
| 801 |
|
2 |
|a RU
|b 63413507
|c 20190405
|g RCR
|
| 942 |
|
|
|c BK
|